000
00320nam a2200145Ia 4500
100
_a
Seshu/P
942
_c
BK
654
_a
finite element
245
_a
Text book of finite element analysis
260
_b
Prentice Hall of India
_c
2003
082
_a
620.0015
_b
SES
300
_a
330
546
_a
ENGLISH
999
_c
22880
_d
22880